000 00899nas a2200289 4500
001 BR0201626
003 BR-BrBNA
005 20231205102827.0
007 ta
008 230509b bl.|||p| |||| 00| 00por d
040 _aBR-BrBNA
_bpor
_cBiblioteca Nacional de Agricultura
041 _a(Pt)
072 _aF06; Q70
100 1 _aSousa, J.T. de
100 1 _aLeite, V.D.
100 1 _aLuna, J.G. de
245 1 _aDesempenho da cultura do arroz irrigado com esgotos sanitários previamente tratados
650 _aARROZ IRRIGADO
650 _aÁGUA DE IRRIGAÇÃO
650 _aÁGUAS RESIDUAIS
650 _aRECICLAGEM
650 _aREDE DE ESGOTO
650 _aPARAÍBA
773 0 _tRevista Brasileira de Engenharia Agrícola e Ambiental (Brazil)
_xISSN 1415-4366
_g(Jan-Apr 2001), v. 5(1) p. 107-110
_wBR0201626
909 _a202311
_bLúcia
_c55
_dLúcia Elande
942 _2AGRIS
_n0
_cANA
999 _c169553
_d169553